000 00824cam a2200265 04500
001 6097
010 _a9725750837
021 _b30204/89
090 _a6097
100 _a19900202d1989 d y0pory5003 ba
200 1 _aO mercador de Veneza
_fadapt. Charles e Mary Lamb
_gdes. Martim Lapa
_gtrad. Manuel João Gomes
210 9 _aLisboa
_cContexto,
_d1989
215 _a32 p.
_cil.
_d18 cm
225 2 _aContos de Shakespeare
_v7
304 _aTit. orig. : The merchant of Venice
675 _a821.111-93
_vPT
_zpor
675 _a821.111-34
_vPT
_zpor
700 1 _aLamb,
_bCharles,
_f1775-1834
701 1 _aLamb,
_bMary,
_f1764-1847
702 1 _aLapa,
_bMartim
702 1 _aGomes,
_bManuel João,
_f1946-2007
702 1 _aShakespeare,
_bWilliam,
_f1564-1616
801 0 _aPT
_bBMVN
_gRPC
830 _cSilvia Neutel
_d31.12.2021
990 _cLIVROS